Social psychology in the '90s / (Record no. 5933)
[ view plain ]
| 000 -LEADER | |
|---|---|
| fixed length control field | 00984pam a2200289 a 4500 |
| 001 - CONTROL NUMBER | |
| control field | 1087360 |
| 003 - CONTROL NUMBER IDENTIFIER | |
| control field | OSt |
| 005 - DATE AND TIME OF LATEST TRANSACTION | |
| control field | 20260202134758.0 |
| 008 - FIXED-LENGTH DATA ELEMENTS--GENERAL INFORMATION | |
| fixed length control field | 920504s1993 caua b 001 0 eng |
| 010 ## - LIBRARY OF CONGRESS CONTROL NUMBER | |
| LC control number | 92016505 |
| 020 ## - INTERNATIONAL STANDARD BOOK NUMBER | |
| International Standard Book Number | 0534103987 |
| 020 ## - INTERNATIONAL STANDARD BOOK NUMBER | |
| International Standard Book Number | 9780534103989 |
| 040 ## - CATALOGING SOURCE | |
| Original cataloging agency | KABLIB |
| Transcribing agency | KABLIB |
| Language of cataloging | eng |
| 082 00 - DEWEY DECIMAL CLASSIFICATION NUMBER | |
| Classification number | 302 |
| Edition number | 23 |
| Item number | DEA |
| 100 1# - MAIN ENTRY--PERSONAL NAME | |
| Personal name | Deaux, Kay. |
| 9 (RLIN) | 14967 |
| 245 10 - TITLE STATEMENT | |
| Title | Social psychology in the '90s / |
| Statement of responsibility, etc. | Kay Deaux, Francis C. Dane, Lawrence S. Wrightsman, in association with Carol K. Sigelman. |
| 250 ## - EDITION STATEMENT | |
| Edition statement | 6th ed. |
| 260 ## - PUBLICATION, DISTRIBUTION, ETC. | |
| Place of publication, distribution, etc. | Pacific Grove, Calif. : |
| Name of publisher, distributor, etc. | Brooks/Cole Pub. Co., |
| Date of publication, distribution, etc. | c1993. |
| 300 ## - PHYSICAL DESCRIPTION | |
| Extent | xix, 499 p. : |
| Other physical details | ill. ; |
| Dimensions | 24 cm. |
| 500 ## - GENERAL NOTE | |
| General note | Rev. ed. of: Social psychology. 5th ed. 1988. |
| 504 ## - BIBLIOGRAPHY, ETC. NOTE | |
| Bibliography, etc. note | Includes bibliographical references (p. 421-478) and index. |
| 650 #0 - SUBJECT ADDED ENTRY--TOPICAL TERM | |
| Topical term or geographic name entry element | Social psychology. |
| 700 1# - ADDED ENTRY--PERSONAL NAME | |
| Personal name | Wrightsman, Lawrence S. |
| 9 (RLIN) | 14968 |
| 700 1# - ADDED ENTRY--PERSONAL NAME | |
| Personal name | Dane, Francis C. |
| 9 (RLIN) | 14969 |
| 700 1# - ADDED ENTRY--PERSONAL NAME | |
| Personal name | Deaux, Kay. |
| Title of a work | Social psychology. |
| 9 (RLIN) | 14970 |
| 942 ## - ADDED ENTRY ELEMENTS (KOHA) | |
| Source of classification or shelving scheme | Dewey Decimal Classification |
| Koha item type | Book |
| Edition | 6th |
| Withdrawn status | Lost status | Source of classification or shelving scheme | Damaged status | Not for loan | Home library | Current library | Shelving location | Date acquired | Source of acquisition | Total Checkouts | Full call number | Barcode | Date last seen | Price effective from | Koha item type |
|---|---|---|---|---|---|---|---|---|---|---|---|---|---|---|---|
| Dewey Decimal Classification | Mukombe Library | Mukombe Library | Open Access Section | 02.02.2026 | Donation | 302 DEA | 14430 | 02.02.2026 | 02.02.2026 | Book | |||||
| Dewey Decimal Classification | Mukombe Library | Mukombe Library | Open Access Section | 02.02.2026 | Donation | 302 DEA | 14431 | 02.02.2026 | 02.02.2026 | Book |